LEADER 01550nam a2200289 4500 001 000000340671 003 CaOOAMICUS 005 20200618171822.0 008 200618s1660 it 000 u ita r 026 $aS.a, i-la a.a. Soor (3) 1660 (A) 040 $aSeMil$bita 110 21$aCongregazione della penitenza in S. Fedele .$0(OLS)http://semarc/name/111555 245 00$aDel fine, instituto, esercitii di divotione, regole, et indulgenze della Congregatione della penitenza, sotto il titolo di Nostra Signora Annuntiata, .... eretta nella Casa professa di S.Fedele della Compagnia di Giesł, ... 264 1$aIn Milano :$bPer Filippo Ghisolfi,$c1660. 300 $a32 p. ;$c8° 500 $aIniz., testatine xilogr. 500 $aFront. entro cornice xilogr. 500 $aSegn.: A-B8 650 4$aCongregazioni e confraternite religiose - Milano - Sec. 16.-18.$0(OLS)http://semarc/subject/49109 700 1 $aGhisolfi, Filippo,$c.$0(OLS)http://semarc/name/16886 752 $aIT$dMilano 850 $aSeMil 852 $aSeMil$W1$xVenegono$y1$m3Z I 10/10 FA$j219531$B231739$CSeMilBibl$Z2$F231739 $8I 941 1 $a10 996 $6245$aDel fine, instituto, esercitii di divotione, regole, et indulgenze della Congregatione della penitenza, sotto il titolo di Nostra Signora Annuntiata, .... eretta nella Casa professa di S.Fedele della Compagnia di Giesł, ...$9(OLS)http://semarc/title/429732 996 $6264$aIn Milano :$bPer Filippo Ghisolfi$9(OLS)http://semarc/publisher/39789 LEADER 01168nam a2200265 i 4500 001 000000225457 003 CaOOAMICUS 005 20131205000000.0 008 131205s1972 it u000 u ita u 013 $a204359 040 $aSeMil$bita 100 1 $aGallo, Max,$d<1932-2017>.$0(OLS)http://semarc/name/92504 245 13$aLa notte dei lunghi coltelli :$b30 giugno 1934 /$cMax Gallo ; traduzione di Raffaele Rinaldi. 260 $aMilano :$bArnoldo Mondadori Editore,$c1972. 300 $a378 p. ;$c22 cm. 490 0 $aLe scie 650 4$aNazionalsocialismo - Storia - Notte dei lunghi coltelli <1934>.$0(OLS)http://semarc/subject/33942 650 4$aGermania - Storia - 1918-1938.$0(OLS)http://semarc/subject/38213 700 1 $aRinaldi, Raffaele.$0(OLS)http://semarc/name/35062 830 3$aLe scie.$0(OLS)http://semarc/title/6825 850 $aSeMil 852 $aSeMil$W1$xVenegono$y1$m3U IV 405$j175803$B175803$CSeMilBibl$Z2$F186393 $81 961 $aOmaggio: Altro 996 $6245$aLa notte dei lunghi coltelli :$b30 giugno 1934$9(OLS)http://semarc/title/322953 996 $6260$aMilano :$bArnoldo Mondadori Editore$9(OLS)http://semarc/publisher/30056